Documentación

Sábháilte in:
Sonraí bibleagrafaíochta
Formáid: Téacs
Foilsithe / Cruthaithe: Madrid: M.A.P.A.
Ábhair:
Clibeanna: Cuir clib leis
Níl clibeanna ann, Bí ar an gcéad duine le clib a chur leis an taifead seo!

MARC

LEADER 00000 a a2200000 04500
001 29474
003
040
090 |a 148727  
245 |a Documentación  
260 |a Madrid:   |b M.A.P.A.  
300 |a p. irreg; vol. 3  
650 |a DESARROLLO RURAL  
650 |a POLITICA  
650 |a POBLACION INDIGENA  
650 |a AGRICULTURA  
650 |a BIODIVERSIDAD  
650 |a ECONOMIA  
650 |a BRASIL  
650 |a ECUADOR  
650 |a MEXICO  
999 |c 4679  |d 4679